000 00621nam a22002297a 4500
003 UA-OsUOA
001 96649
007 ta
008 20130320b un ||||| |||| 00| 0 ukr d
100 _aЛеонов Л.
090 _a821.161.1
_bЛ47
942 _cBK
040 _aUA-OsUOA
_brus
_cUA-OsUOA
_dUA-OsUOA
245 _aДорога на океан
_bроман
300 _a512 с.
955 _a3
041 _arus
080 _a821.161.1
260 _aМосква
_bСоветский писатель
_c1987
650 7 _a82 Література. Літературознавство
_2UDC
999 _c382912
_d382912